00302nam a2200121Ia 4500008004100000041000800041082001500049100002100064245002800085260003900113300002300152365000500175240624s9999 xx 000 0 und d aeng a793.73 STI aSTICKELS TERRY H aMIND STRETCHING PUZZLES c2005aNew DelhibOrient Paperbacks a95 : p. : cm. ; 19 c